• 首页
  • 本馆介绍
  • 公告通知
  • 最新文献
  • 馆藏检索
  • 电子资源
  • 读者导购
  • 参考咨询
  • 我的图书馆
  • 登录
  • 详细信息显示
  • 放入我的书架
  • 预约/预借图书
  • 作者相关作品
  • 分类相关作品
  • 丛书相关作品
  • 出版社相关作品

书目信息

  • 表格格式
  • 工作单格式
  • 卡片格式
题名:
常用速算
    
 
作者: ;上海市商业学校常用速算编写组 编
分册:  
出版信息: 上海   上海教育出版社  1979
页数: 73页
开本: 19cm
丛书名:
单 册:
中图分类: O121.4
科图分类:
主题词: 速算
电子资源:
ISBN:
000 00643nam0 2200217 45
001 0179002688
005 20060920111319.68
010    @dCNY0.18
091    @aCN@b7150.2181
100    @a19950725d1979 cemy0chiy0121 ea
101 0  @achi
102    @aCN@b310000
105    @ay z 000yy
200 10 @a常用速算@Achang yong su suan@f上海市商业学校《常用速算》编写组编
210    @a上海@c上海教育出版社@d1979
215    @a73页@d19cm
606    @a速算
690    @aO121.4@v3
711 02 @a上海市商业学校常用速算编写组@Ashang hai shi shang ye xue xiao chang yong su suan bian xie zu@4编
801  0 @aCN@bTSSF@c20060920
905    @a10447@dO121.4@e60
    
    常用速算/上海市商业学校《常用速算》编写组编.-上海:上海教育出版社,1979
    73页;19cm
    
    
    ISBN :CNY0.18
    
●
相关链接 在E读中查询图书 在五车中查询图书 在当当中查询图书 在豆瓣中查询图书


正题名:常用速算     索取号:O121.4/60         预约/预借

序号 登录号 条形码 馆藏地/架位号 状态 备注
1 0422352   204223526   密集书库/ [索取号:O121.4/60] 在馆    
2 0422353   204223535   密集书库/ [索取号:O121.4/60] 在馆    
3 0422354   204223544   密集书库/ [索取号:O121.4/60] 在馆    
4 0422355   204223553   密集书库/ [索取号:O121.4/60] 在馆    
5 0453998   204539981   密集书库/ [索取号:O121.4/60] 在馆    
唐山师范学院图书馆 欢迎您!
大连网信软件有限公司© 版权所有